|
|
|
|
| LEADER |
00000naa2a2200000 4500 |
| 001 |
179030 |
| 005 |
20231101223439.0 |
| 035 |
|
|
|a (RuTPU)RU\TPU\book\194076
|
| 090 |
|
|
|a 179030
|
| 100 |
|
|
|a 20100414d2008 k y0rusy50 ca
|
| 101 |
0 |
|
|a rus
|
| 102 |
|
|
|a RU
|
| 200 |
1 |
|
|a Буровой станок с гидроимпульсной системой подачи инструмента
|f А. А. Казанцев
|g науч. рук. Л. А. Саруев
|
| 320 |
|
|
|a Библиогр.: 3 назв.
|
| 463 |
|
0 |
|0 (RuTPU)RU\TPU\book\164908
|y 5-89503-079-3
|t Проблемы геологии и освоения недр
|o труды XII Международного симпозиума имени академика М. А. Усова студентов и молодых ученых, посвященного 100-летию первого выпуска горных инженеров в Сибири и 90-летию создания Сибгеолкома в России
|f Томский политехнический университет (ТПУ), Институт геологии и нефтегазового дела (ИГНД)
|v С. 629-631
|d 2008
|p 944 с.
|
| 610 |
1 |
|
|a буровые станки
|
| 610 |
1 |
|
|a силовые импульсные системы
|
| 610 |
1 |
|
|a гидроимпульсные установки
|
| 610 |
1 |
|
|a принципиальные схемы
|
| 610 |
1 |
|
|a ударные импульсы
|
| 610 |
1 |
|
|a осциллограммы
|
| 610 |
1 |
|
|a труды учёных ТПУ
|
| 700 |
|
1 |
|a Казанцев
|b А. А.
|c горный инженер
|c заведующий кафедрой Юргинского технологического института Томского политехнического университета, кандидат технических наук
|f 1981-
|g Антон Александрович
|2 stltpush
|3 (RuTPU)RU\TPU\pers\24299
|9 10764
|
| 702 |
|
1 |
|a Саруев
|b Л. А.
|c горный инженер
|c профессор Томского политехнического университета, доктор технических наук
|f 1940-
|g Лев Алексеевич
|2 stltpush
|4 727
|
| 801 |
|
1 |
|a RU
|b 63413507
|c 20100414
|
| 801 |
|
2 |
|a RU
|b 63413507
|c 20160606
|g RCR
|
| 942 |
|
|
|c BK
|